Darts Players By Image - HARD Edition - Statistics

General Stats
  • This quiz has been taken 63 times
  • The average score is 6 of 12
Answer Stats
Picture Answer % Correct
Darius Labanauskas
79%
Ryan Meikle
77%
Lourence Ilagan
74%
Rusty Jake Rodriguez
57%
James Hurrell
53%
Maik Kuivenhoven
53%
Nathan Rafferty
53%
Dylan Slevin
47%
Andy Boulton
38%
Jacques Labre
38%
Danny van Trijp
36%
Prakash Jiwa
32%
No matching quizzes found
Score Distribution
Percent of People with Each Score
Percentile by Number Answered
Your Score History
You have not taken this quiz